Doctor Who Quotes - Statistics

General Stats
  • This quiz has been taken 422 times
  • The average score is 9 of 14
Answer Stats
Hint Answer % Correct
"Would you like a _____ baby?" - Four jelly
88%
"...but at last I know where I'm going. Where I've always been going. Home. The ____ ___ round." -Eleven long way
88%
"...If you have any plans about seeing tomorrow, there is one thing you never ever put into a ____. Me." - Eleven trap
81%
"___ years of time and space, I never met anyone who wasn't important." - Eleven 900
74%
"There is more to life than can ever be seen, more to do than -- no, hold on. Sorry, that's ___ ____ ____." - Ten The Lion King
69%
"What's the point in growing up if you can't be a little ______ sometimes." - Four childish
64%
"Why should they be ____ ___ if they're going to be sad later? The answer is, of course, because they're going to be sad later." - Eleven happy now
63%
"I never know why. I only know ___." - Eleven who
61%
"Sometimes the only choices you have are ___ ____. But you still have to choose." - Twelve bad ones
55%
"Just remember who's standing in your way. Remember every black day I ever stopped you, and then, and THEN. Do the smart thing... ___ ________ ____ try first." - Eleven let somebody else
52%
"Some people live in 20 years more than others do in 80. It's not the time that matters, it's the _____." - Ten person
49%
"We're all ____ in the end." - Eleven stories
49%
"The universe is big, it's vast and complicated and ridiculous. And sometimes, very rarely, _______ things just happen and we call them miracles." - Eleven impossible
34%
"Every life is a pile of good things and bad things. The good things don't always soften the bad things but, vice versa, the bad things don't always spoil the good things and make them ________." - Eleven unimportant
28%
No matching quizzes found
Score Distribution
Percent of People with Each Score
Percentile by Number Answered
Your Score History
You have not taken this quiz